Negociando con los Estados Unidos

Na minha lista:
Detalhes bibliográficos
Autor principal: Navarrete, Jorge Eduardo (autor)
Outros Autores: Lortie, Marc (autor), Morales Contreras, María Eugenia (autora)
Formato: Livro
Idioma:espanhol
Publicado em: Santiago Universidad de Chile. Instituto de Ciencia Política 1994
coleção:Estudios Norteamericanos, 1
Assuntos:
Tags: Adicionar Tag
Sem tags, seja o primeiro a adicionar uma tag!

MARC

LEADER 00000nam a2200000 a 4500
001 UCZ0390
003 CL-VaPUC
005 20241018112919.0
008 950728e19940000CL |||||||||||||||||spa|d
999 |c 237322  |d 237320 
040 |c Pontificia Universidad Católica de Valparaíso 
082 0 4 |a 382  |b NAV  |2 21 
100 |a Navarrete, Jorge Eduardo  |e autor  |9 343169 
245 1 0 |a Negociando con los Estados Unidos 
260 |a Santiago  |b Universidad de Chile. Instituto de Ciencia Política  |c 1994 
300 |a 44 h 
490 0 |a Estudios Norteamericanos, 1 
583 |a last modification  |c 19950728 00:00:00  |k Rodrigo Vera 
650 7 |a COMERCIO INTERNACIONAL  |2 CL-VaPUC  |9 343172 
650 7 |a CONVENIOS COMERCIALES  |2 CL-VaPUC  |9 343173 
650 0 |a Negociación comercial  |9 343174 
650 0 |a Política comercial  |9 259070 
650 7 |a NAFTA  |2 CL-VaPUC  |9 331476 
650 7 |a CONVENISO SOBRE PRODUCTOS BASICOS  |2 CL-VaPUC  |9 343175 
650 7 |a CCOMERCIO EXTERIOR  |2 CL-VaPUC  |9 343176 
651 0 |a Estados Unidos  |9 255178 
651 7 |a CHILE  |2 CL-VaPUC  |9 343177 
700 0 |a Lortie, Marc  |e autor  |9 343170 
700 |a Morales Contreras, María Eugenia  |e autora  |9 455612 
942 |c BK  |2 ddc 
945 |d 19950728 00:00:00  |a rbrito 
952 |0 0  |1 0  |4 0  |6 382_000000000000000_NAV_1994  |7 0  |8 A  |9 246249  |a BIBHIS  |b BIBHIS  |d 2019-11-18  |i 3114767  |o 382 NAV 1994  |p 3114767  |r 2025-01-20  |w 2019-11-18  |y BK  |k HIS